00628nam a2200181Ia 4500008004100000020001500041041001200056082001600068100001400084245008900098260003100187300001000218650000800228700001700236942000700253999001500260952017100275221030s9999 xx 000 0 und d a818655503X aEnglish a105.23bMit aR. Mittal 0aText Book of Electronic Devices Including Diode Circuitscby R. Mittal, G. K. Mithal bG. K. PubaNew Delhic1997 a11.36 aECE aG. K. Mithal cBK c7624d7624 pBE 4305g90.00l0o105.23 Mitr2024-06-13 00:00:00w2022-10-30yBK003Print4070aMIETLIBbMIETLIBcBL-Academic Block- A, FL-1, CUP-11, SH-2, R-2d2001-11-2010HBE